| 000 | 01046nam a2200241Ia 4500 | ||
|---|---|---|---|
| 003 | OSt | ||
| 005 | 20210802102440.0 | ||
| 008 | 210310s1988 ck fr 000 0 spa d | ||
| 020 | _a9586010236 | ||
| 040 |
_aCO-JMCR _cCO-JMCR |
||
| 041 | 0 | _aspa | |
| 082 | 0 | 4 |
_a332.49861 / _bA475i1 _223 |
| 100 | 1 |
_aAlviar Ramírez, Oscar, _916672 _eautor |
|
| 245 | 1 | 0 |
_aInstrumentos de dirección monetaria en Colombia / _cpor Oscar Alviar |
| 250 | _aNovena edición | ||
| 260 |
_aBogotá : _bTercer Mundo, _c1988 |
||
| 300 |
_a258 páginas ; _c21 cm. |
||
| 490 | 0 | _aEconomía | |
| 505 | 0 | _aEstablecimiento en Colombia del banco emisor y su evolución -- Objetivos actuales de una política monetaria -- Instrumentos de la actual política monetaria y crediticia -- Composición de la Junta Monetaria y reformas propuestas -- Bancos comerciales y cajas de ahorro en los mercados de dinero a corto, mediano y largo plazo | |
| 650 | 1 | 4 |
_aBanco de la República _916674 _xHistoria _zColombia |
| 650 | 2 | 4 |
_aPolítica monetaria _zColombia _96926 |
| 942 |
_2ddc _cBK |
||
| 999 |
_c8223 _d8223 |
||